000 00241nam a22000977a 4500
999 _c11445
_d11445
008 190524b ||||| |||| 00| 0 eng d
020 _a9789380058306
100 _aMind Fuels
_97167
245 _aFrecher Til Til
260 _aNew Delhi
_bMind Fuels